000 00649nam a2200205 a 4500
001 000013833
005 20240412074239.0
008 091130s2006 dr a 000 0 spa d
020 _a9945857002
040 _aDO-SdBNP
_bspa
_cBNPHU
082 _aRD863.44
_bC987m
100 1 _aCustodio, Roberto,
_d1972 -
_924901
245 1 0 _aMujer, antiamor de amores /
_cRoberto Custodio.
260 _aConstanza, República Dominicana :
_bOrtega,
_c2006.
300 _a40 p. :
_bil. ;
_c21 cm.
590 _aInventariado, 2019/VM
650 0 _aCuentos dominicanos
_9176
650 0 _aLiteratura dominicana.
_967
910 _aValidado. Control de calidad MMOLINA
999 _c13444
_d13444